|
|
|
|
| LEADER |
00727ncm a22002172a 4500 |
| 001 |
001305441 |
| 003 |
CZ BrMZK |
| 005 |
20140204141337.0 |
| 007 |
qu |
| 008 |
130625s1909 fr |||||||||||||||||zxx d |
| 040 |
|
|
|a BOA001
|b cze
|
| 072 |
|
7 |
|a 786
|x Hudba pro klávesové nástroje
|2 Konspekt
|9 9
|
| 100 |
1 |
|
|a Falla, Manuel de,
|d 1876-1946
|7 jn19990002163
|4 cmp
|
| 245 |
1 |
0 |
|a Piéces espagnoles.
|n II.,
|p Cubana
|h [hudebnina] :
|b pour piano /
|c par Manuel de Falla
|
| 246 |
3 |
0 |
|a Cubana
|
| 260 |
|
|
|a Paris :
|b A. Durand & Fils,
|c 1909
|
| 300 |
|
|
|a 1 partitura (7 s.)
|
| 910 |
|
|
|a BOA001
|b Mus4-0188.873,2
|
| 990 |
|
|
|a MU
|
| 991 |
|
|
|b 201306
|
| 996 |
6 |
|
|b 2619578444
|c Mus4-0188.873,2
|l MZK
|r Sklad / do 1 hodiny
|n 0
|w 001340049
|u 000010
|a 1
|e BOA001
|j MZK50
|s P
|